Management and entrepreneurship (Record no. 153024)

MARC details
000 -LEADER
fixed length control field 00350nam a2200145Ia 4500
008 - FIXED-LENGTH DATA ELEMENTS--GENERAL INFORMATION
fixed length control field 230917s9999||||xx |||||||||||||| ||und||
040 ## - CATALOGING SOURCE
-- 178174
Original cataloging agency VIVEKANANDA LIBRARY
041 ## - Language
-- English
082 ## - DDC NUMBER
Classification number 338.04 J258H
100 ## - MAIN ENTRY--PERSONAL NAME
Personal name janakiram, B
245 #0 - TITLE STATEMENT
Title Management and entrepreneurship
260 ## - PUBLICATION, DISTRIBUTION, ETC. (IMPRINT)
Place of publication, distribution, etc New Delhi
Name of publisher, distributor, etc Excel
Date of publication, distribution, etc 2010
300 ## - PHYSICAL DESCRIPTION
Pages 262 p.
942 ## - ADDED ENTRY ELEMENTS (KOHA)
Koha item type Books
Holdings
Withdrawn status Lost status Damaged status Not for loan Location (home branch) Sublocation or collection (holding branch) Shelving location Date acquired Koha issues (times borrowed) Koha full call number Accession No. Koha date last seen Koha item type
        VIVEKANANDA LIBRARY VIVEKANANDA LIBRARY IMSAR Library 17/01/2011   338.04 J258H 277090 17/09/2023 Books
        VIVEKANANDA LIBRARY VIVEKANANDA LIBRARY IMSAR Library 17/01/2011   338.04 J258H 277091 17/09/2023 Books
© Designed and Maintained by Vivekananda Library, MDU Rohtak